Cooperatives for staple crop marketing : (Record no. 19210)

000 -LEADER
fixed length control field 00706cam a22002174a 4500
020 ## - INTERNATIONAL STANDARD BOOK NUMBER
ISBN 9780896291751 (pbk.)
020 ## - INTERNATIONAL STANDARD BOOK NUMBER
ISBN 0896291758 (pbk.)
040 ## - CATALOGING SOURCE
Transcribing agency DLC
082 00 - DEWEY DECIMAL CLASSIFICATION NUMBER
Classification number 334 INT 2010 C140 Or.
245 00 - TITLE STATEMENT
Title Cooperatives for staple crop marketing :
Remainder of title evidence from Ethiopia /
260 ## - PUBLICATION, DISTRIBUTION, ETC. (IMPRINT)
Place of publication Washington, D.C. :
Name of publisher International Food Policy Research Institute,
Year of publication c2010.
300 ## - PHYSICAL DESCRIPTION
Number of Pages xvi, 86 p. :
Other physical details ill. ;
Dimensions 23 cm.
490 1# - SERIES STATEMENT
Series statement IFPRI research monograph ;
650 #0 - SUBJECT ADDED ENTRY--TOPICAL TERM
Topical Term Cooperative marketing of farm produce
650 #0 - SUBJECT ADDED ENTRY--TOPICAL TERM
Topical Term Marketing cooperatives
650 #0 - SUBJECT ADDED ENTRY--TOPICAL TERM
Topical Term Farms, Small
650 #0 - SUBJECT ADDED ENTRY--TOPICAL TERM
Topical Term Grain
700 1# - ADDED ENTRY--PERSONAL NAME
Personal name Bernard, Tanguy.
710 2# - ADDED ENTRY--CORPORATE NAME
Corporate name or jurisdiction name as entry element International Food Policy Research Institute.
942 ## - ADDED ENTRY ELEMENTS (KOHA)
Koha item type ADB
952 ## - LOCATION AND ITEM INFORMATION (KOHA)
Withdrawn status [LOCAL, KOHA] 0
Holdings
Permanent Location Date acquired Koha item type Lost status Shelving location Barcode Current Location Full call number
Library Block C2020-05-15សៀវភៅភាសាអង់គ្លេស C140A36466Library Block C334 INT 2010 C140 Or.
មជ្ឈមណ្ឌលឯការនៃសាកលវិទ្យាល័យភូមិន្ទកសិកម្មចំការដូង

Powered by Koha